10 größte Fußball Stadien in Brandenburg - Statistiken

Allgemein
  • Dieses Quiz wurde 26 mal gespielt
  • Das Durchschnittsergebnis liegt bei 3 aus 10
Antwortstatistiken
Kapazität Verein Stadion % Korrekt
12.000 1. FC Frankfurt Stadion der Freundschaft
92%
22.528 FC Energie Cottbus LEAG Energie Stadion
52%
10.499 SV Babelsberg 03 Karl-Liebknecht-Stadion
48%
4000 FC Strausberg Energiearena
24%
6000 FSV Glückauf Brieske-Senftenberg Elsterkampfbahn
12%
5000 FSV Optik Rathenow Stadion Vogelgesang
12%
3500 Grün-Weiß Lübben Sportstätte Völkerfreundschaft
8%
4000 FV Preussen Eberwalde Westendstadion
8%
5000 FSV Veritas Wittenberge/Breese Ernst-Thälmann-Stadion
4%
5000 Brandenburger SC Süd 05 Werner-Seelenbinder-Sportplatz
4%
Keine übereinstimmenden Quizze gefunden
Verteilung der Resultate
Anzahl Personen mit jedem Resultat
Perzentil nach korrekt beantworteten Fragen
Ihre Resultats-Entwicklung
Sie haben dieses Quiz noch nicht gespielt